[Event "EIWCC 2018"]
[Site "Vysoke Tatry"]
[Date "2018.04.11"]
[Round "4"]
[White "Caglar, Sila"]
[Black "Gevorgyan, Maria"]
[Result "1/2-1/2"]
[WhiteElo "2077"]
[BlackElo "2226"]
[Annotator "TA"]
[PlyCount "120"]
[EventDate "2018.??.??"]
[EventType "swiss"]
[EventCountry "SVK"]
[SourceTitle "playchess.com"]
[Source "ChessBase"]
[SourceQuality "1"]

{[%evp 14,120,42,18,41,23,42,29,59,47,50,43,56,47,85,77,70,-45,-51,-45,-51,-221,-202,-217,48,43,141,106,106,142,200,0,0,0,337,245,241,29,47,0,0,0,0,-39,-34,-25,-27,-102,-104,-106,-74,-72,-66,-94,-87,-83,-82,-97,-104,-108,-74,-81,-71,-189,218,0,98,0,0,0,0,0,0,0,0,0,0,0,0,0,0,0,0,0,0,0,1,0,8,8,8,8,8,8,8,-8,0,-8,-8,-8,0,0,0,0,0,0,0,0,0]} 1. e4 c5 2. Nf3 e6 3. d4 cxd4 4. Nxd4 a6 5. Nc3 b5 6. Bd3 Qb6 7. Nf3 Bb7 {B43: Sicilian: Kan Variation: 5 Nc3} 8. a4 {[%cal Ra4b5] LiveBook: 3 Games} b4 9. a5 $1 {[%cal Ra5b6]} Qc7 {White has an edge.} 10. Na4 Nc6 11. Be3 Nf6 12. O-O d5 $146 ({Predecessor:} 12... Be7 13. Bb6 Qb8 14. Qe2 O-O 15. Nc5 Bxc5 16. Bxc5 {1-0 (27) Ponomariov,R (2723)-Bruzon Batista,L (2650) Cuernavaca 2006}) 13. Bb6 Qf4 14. exd5 Nxd5 15. Nc5 (15. g3 $14 Qg4 16. Re1) 15... Nxb6 $15 16. Nxb7 Nd7 $1 17. Re1 $2 ({Only move:} 17. Qe2 $15 Qb8 18. Bxa6) 17... Qc7 $19 18. Ng5 Qxb7 $2 ({Black should play} 18... Nde5 $1 $19 19. Be4 Qxb7 20. Bxc6+ Nxc6) 19. Qf3 $1 $36 {[%cal Rf3f7][%mdl 2048] White has some pressure.} Ndb8 ({Black should try} 19... Nc5 $1 $14 20. Nxf7 Nd8 21. Qxb7 (21. Nxh8 Qxf3 22. gxf3 g6 $16) 21... Ndxb7 22. Nxh8 Nxd3 23. Rxe6+ (23. cxd3 Bd6 $11) 23... Kd7) 20. Nxe6 fxe6 21. Rxe6+ Be7 22. Rae1 $2 ({White has to play} 22. Rd1 $1 $18 g6 23. Be4) 22... Ra7 $11 23. Be4 $1 {Threatens to win with Rxe7+!} Qb5 $2 {[%mdl 8192]} (23... Qd7 $11 {and Black stays safe.} 24. Bxc6 Nxc6 25. Rxc6 Rf8) 24. Rxc6 {Rc8+ would kill now.} Kd8 25. Rb6 $2 (25. Re6 $1 $18 Bc5 26. Qg3) 25... Qe5 26. Rd1+ Rd7 27. Rxd7+ Kxd7 28. Qg4+ Kd8 29. g3 {Black must now prevent Bb7.} Rf8 30. Qd1+ (30. Rb7 $11) 30... Nd7 $1 $17 31. Bc6 {[%csl Gc6][%cal Rd1d7]} (31. Bxh7 $2 Bc5 $19) 31... Bd6 32. Rxa6 {Strongly threatening Ba4.} Nb8 $1 {[%cal Rb8a6]} 33. Ra8 Kc7 34. Bf3 Bc5 $1 35. Kg2 Rd8 (35... Qxb2 $6 36. Qd5 $11) 36. Qc1 (36. Qf1 $2 Rd2 $19) 36... Qd4 37. Qe1 {aiming for c3.} Rf8 38. a6 {[#]} (38. c3 $17 {keeps fighting.} bxc3 39. bxc3) 38... Rf6 $4 {[%mdl 8192]} (38... Rxf3 $1 $19 {[%mdl 512]} 39. Kxf3 Qf6+ 40. Ke2 Qc6 41. Rxb8 Kxb8) 39. Qe2 $2 (39. c3 $18 Qxf2+ 40. Qxf2 Bxf2 41. a7 (41. Kxf2 Rxa6 42. cxb4 Rxa8 $16) (41. cxb4 Bd4 $16) 41... Bxa7 42. Rxa7+ Kd8 43. Rxg7) 39... Rxa6 {[#]} (39... Ba7 $11 {remains equal.}) 40. c3 (40. Rxb8 $1 $16 {[%mdl 512]} Kxb8 41. Qxa6 Qxf2+ 42. Kh3 Qxf3 43. Qb5+ Ka7 44. Qxc5+ Ka6 45. Qc8+ (45. Qxb4 Qh5+ 46. Qh4 Qf5+ 47. Qg4 Qf1+ 48. Kh4 Qf6+ 49. Qg5 Qxb2 $16) 45... Kb5 46. Qd7+ Kc4 47. Qc7+ (47. Qxg7 Qh5+ 48. Kg2 Qe2+ 49. Kg1 Qd1+ 50. Kg2 Qe2+ 51. Kh3 Qh5+ 52. Kg2 Qe2+ $11) 47... Kb5 48. Qd7+ (48. Qxg7 Qh5+ 49. Kg2 Qe2+ 50. Kg1 Qe1+ 51. Kg2 Qe2+ 52. Kh3 Qh5+ 53. Kg2 Qe2+ $11) 48... Ka5 49. Qa7+ (49. Qxg7 Qh5+ 50. Kg2 Qe2+ 51. Kg1 Qe1+ 52. Kg2 Qe2+ 53. Kh3 Qh5+ 54. Kg2 Qe2+ $11) 49... Kb5 50. Qb8+ (50. Qxg7 Qh5+ 51. Kg2 Qe2+ 52. Kg1 Qd1+ 53. Kf2 Qxc2+ 54. Kf3 Qd1+ 55. Kf4 Qd2+ 56. Kg4 Qe2+ 57. Kf5 Qc2+ 58. Ke6 Qc4+ 59. Kf6 Qd4+ 60. Kf7 Qd5+ 61. Ke7 Qe4+ 62. Kf8 Qa8+ 63. Ke7 Qe4+ 64. Kf8 Qa8+ 65. Ke7 Qa7+ 66. Kf6 Qf2+ 67. Ke6 Qxh2 $11) 50... Ka5 51. Qe5+ Kb6 52. b3 (52. Qxg7 Qh5+ 53. Kg2 Qe2+ 54. Kg1 Qe1+ 55. Kg2 Qe2+ 56. Kg1 Qe1+ 57. Kg2 Qe2+ $11)) 40... bxc3 $11 {The position is equal.} 41. bxc3 Qf6 {And now ...Rxa8 would win.} 42. Rxa6 Nxa6 43. Qe4 h6 44. Qb7+ Kd8 45. Qa8+ $1 Kd7 46. Qd5+ Qd6 {Hoping for ...Qxd5.} 47. Qf7+ $1 Kd8 48. Qxg7 Nb8 49. Qh8+ Kc7 50. Qg7+ Kb6 51. Qb7+ Ka5 52. c4 {[%csl Gc4][%cal Rb7b5]} (52. Bd5 {seems wilder.} Na6 53. Qb3 Qd7 54. Qa2+ Kb6 55. Bf3) 52... Bb6 53. Qd5+ Qxd5 54. cxd5 Kb5 55. g4 Nd7 {Threatening ...Kc5.} 56. h4 Ne5 57. g5 hxg5 58. hxg5 Bd8 59. Be2+ Kc5 60. f4 Ng6 {Precision: White = 58%, Black = 60%.} 1/2-1/2

[Event "EIWCC 2018"]
[Site "Vysoke Tatry"]
[Date "2018.04.11"]
[Round "4"]
[White "Makka, Ioulia"]
[Black "Nadzamova, Viktoria"]
[Result "1-0"]
[WhiteElo "2076"]
[BlackElo "1766"]
[Annotator "NA"]
[PlyCount "63"]
[EventDate "2018.??.??"]
[EventType "swiss"]
[EventCountry "SVK"]
[SourceTitle "playchess.com"]
[Source "ChessBase"]
[SourceQuality "1"]
[TimeControl "40/5400+30:1800+30"]

1. e4 {[%emt 0:00:00]} c5 {[%emt 0:00:06]} 2. Nf3 {[%emt 0:00:00]} e6 {[%emt 0:00:06]} 3. g3 {[%emt 0:02:12]} Nf6 {[%emt 0:02:50]} 4. Qe2 {[%emt 0:00:43]} Nc6 {[%emt 0:01:30]} 5. c3 {[%emt 0:00:20]} e5 {[%emt 0:01:19]} 6. Bg2 {[%emt 0:00:42]} a6 {[%emt 0:03:34]} 7. O-O {[%emt 0:03:54]} Be7 {[%emt 0:04:01]} 8. Rd1 {[%emt 0:04:03]} O-O {[%emt 0:03:16]} 9. d4 {[%emt 0:04:56]} cxd4 {[%emt 0:05:24]} 10. cxd4 {[%emt 0:00:36]} exd4 {[%emt 0:01:16]} ({Black should play} 10... d5 $1 $14) 11. e5 {[%emt 0:04:50]} Ne8 {[%emt 0:05:38]} 12. Nxd4 {[%emt 0:01:52]} Nxd4 {[%emt 0:01:56]} 13. Rxd4 {[%emt 0:00:04]} Bc5 {[%emt 0:12:36] [#]} 14. Rc4 {[%emt 0:09:58]} (14. Rd1 $1 $18 {has better winning chances.}) 14... d6 {[%emt 0:12:54]} 15. Nc3 $11 {[%emt 0:13:26]} Be6 {[%emt 0:05:48]} 16. Rh4 {[%emt 0:12:59]} dxe5 {[%emt 0:04:19]} 17. Qxe5 {[%emt 0:04:41]} Be7 {[%emt 0:04:36]} 18. Rd4 {[%emt 0:04:13]} Qc8 {[%emt 0:07:03]} 19. Nd5 {[%emt 0:05:17]} Bc5 {[%emt 0:03:33]} 20. Rh4 {[%emt 0:04:21]} Bxd5 {[%emt 0:06:31]} 21. Bxd5 {[%emt 0:09:02]} Nf6 {[%emt 0:01:24]} 22. Bf3 {[%emt 0:02:51]} Re8 {[%emt 0:01:55]} 23. Qc3 {[%emt 0:00:12]} Ra7 {[%emt 0:03:52]} 24. Rc4 {[%emt 0:01:14]} b6 {[%emt 0:01:38]} 25. b4 {[%emt 0:00:50]} Nd7 {[%emt 0:05:18]} 26. bxc5 {[%emt 0:02:06]} Ne5 {[%emt 0:00:30]} 27. Bb2 {[%emt 0:01:12]} f6 {[%emt 0:00:30]} 28. Bd5+ {[%emt 0:01:36]} Kh8 {[%emt 0:00:26]} 29. Rh4 {[%emt 0:00:43]} bxc5 {[%emt 0:00:34]} 30. Rc1 {[%emt 0:00:55]} Rc7 {[%emt 0:00:32]} 31. Qc2 {[%emt 0:01:18]} g6 {[%emt 0:00:29]} 32. f4 {[%emt 0:00:58]} 1-0

[Event "EIWCC 2018"]
[Site "Vysoke Tatry"]
[Date "2018.04.11"]
[Round "4"]
[White "Kejzar, Petra"]
[Black "Novosadova, Kristyna"]
[Result "0-1"]
[WhiteElo "2071"]
[BlackElo "2240"]
[Annotator "NA"]
[PlyCount "98"]
[EventDate "2018.??.??"]
[EventType "swiss"]
[EventCountry "SVK"]
[SourceTitle "playchess.com"]
[Source "ChessBase"]
[SourceQuality "1"]
[TimeControl "40/5400+30:1800+30"]

1. g3 {[%emt 0:00:00]} e5 {[%emt 0:00:18]} 2. Bg2 {[%emt 0:00:00]} Nf6 {[%emt 0:00:57]} 3. c4 {[%emt 0:00:00]} Nc6 {[%emt 0:06:46]} 4. Nc3 {[%emt 0:00:32]} Bb4 {[%emt 0:01:01]} 5. Nf3 {[%emt 0:04:06]} Bxc3 {[%emt 0:02:41]} 6. bxc3 {[%emt 0:07:01]} O-O {[%emt 0:01:52]} 7. O-O {[%emt 0:02:18] LiveBook: 182 Games} Re8 {[%emt 0:02:31]} 8. Qc2 {[%emt 0:04:06]} d6 {[%emt 0:05:17]} 9. e4 {[%emt 0:08:42] A29: English Opening: Four Knights Variation with 4 g3} Bg4 {[%emt 0:04:30]} (9... a6 10. Rb1 b5 11. cxb5 axb5 12. Re1 Be6 13. Rxb5 Rxa2 14. Rb2 Ra1 15. d3 d5 16. Ng5 d4 {1-0 (28) Van Wely,L (2658)-Van den Doel,E (2568) playchess.com INT 2016}) 10. h3 {[%emt 0:01:21]} Be6 {[%emt 0:06:15]} 11. d3 {[%emt 0:03:19]} Qc8 $146 {[%emt 0:01:10]} ({Predecessor:} 11... h6 12. Be3 Ne7 13. c5 Ng6 14. cxd6 cxd6 15. Rac1 d5 16. exd5 Nxd5 {½-½ (42) Lauchner,G-Huber,A Germany 1992}) 12. Kh2 {[%emt 0:00:23]} b6 {[%emt 0:00:54]} 13. Ng5 {[%emt 0:04:08]} Bd7 {[%emt 0:03:28]} 14. f4 {[%emt 0:00:48]} Na5 {[%emt 0:05:22]} 15. fxe5 {[%emt 0:02:13]} dxe5 {[%emt 0:00:41]} 16. d4 {[%emt 0:11:16]} (16. Nf3 $11) 16... Nxc4 {[%emt 0:11:03]} 17. Qb3 {[%emt 0:01:04]} Qa6 {[%emt 0:02:57]} 18. Nxf7 {[%emt 0:07:23]} Kxf7 $19 {[%emt 0:00:56]} 19. dxe5 {[%emt 0:00:31]} Ba4 {[%emt 0:12:46]} 20. Qb1 {[%emt 0:09:55]} Nxe5 {[%emt 0:00:36]} 21. Bg5 {[%emt 0:00:52]} Rad8 {[%emt 0:04:07]} 22. Qc1 {[%emt 0:00:52]} Ned7 {[%emt 0:04:43]} 23. Qf4 {[%emt 0:01:45]} Re5 {[%emt 0:09:15]} 24. Bxf6 {[%emt 0:04:46]} gxf6 {[%emt 0:00:02]} 25. Qh6 {[%emt 0:00:26]} Kg8 {[%emt 0:01:48]} 26. Rf4 {[%emt 0:00:53]} Rg5 {[%emt 0:02:29]} 27. Rxf6 {[%emt 0:01:00]} Rg7 {[%emt 0:01:26]} 28. Rf5 {[%emt 0:03:06]} Rg6 {[%emt 0:02:57]} 29. Qh4 {[%emt 0:01:20]} Re8 {[%emt 0:00:57]} 30. Raf1 {[%emt 0:01:40]} Qc4 {[%emt 0:00:59]} 31. R1f4 {[%emt 0:05:03]} Ne5 {[%emt 0:00:54]} 32. Qh5 {[%emt 0:03:39]} Qe6 {[%emt 0:00:28]} 33. Rh4 {[%emt 0:02:03]} Rg7 {[%emt 0:00:41]} 34. Rhf4 {[%emt 0:09:18]} Qg6 {[%emt 0:01:14]} 35. Qh4 {[%emt 0:00:39]} Bd7 {[%emt 0:00:40]} 36. Rf6 {[%emt 0:00:54]} Qg5 {[%emt 0:00:16]} 37. Qxg5 {[%emt 0:00:30]} Rxg5 {[%emt 0:00:01]} 38. Bf1 {[%emt 0:00:32]} Kg7 {[%emt 0:00:21]} 39. g4 {[%emt 0:00:31]} Bxg4 {[%emt 0:00:28]} 40. hxg4 {[%emt 0:00:00]} Nxg4+ {[%emt 0:00:13]} 41. Rxg4 {[%emt 0:00:56]} Kxf6 {[%emt 0:04:08]} 42. Rh4 {[%emt 0:00:28]} Ree5 {[%emt 0:02:57]} 43. Rxh7 {[%emt 0:00:49]} Rh5+ {[%emt 0:00:06]} 44. Rxh5 {[%emt 0:00:04]} Rxh5+ {[%emt 0:00:05]} 45. Kg3 {[%emt 0:00:07]} Ra5 {[%emt 0:00:17]} 46. Kf4 {[%emt 0:00:18]} Rxa2 {[%emt 0:00:15]} 47. e5+ {[%emt 0:00:30]} Ke7 {[%emt 0:00:06]} 48. Ke4 {[%emt 0:00:28]} a5 {[%emt 0:01:48]} 49. Kd5 {[%emt 0:01:19]} a4 {[%emt 0:00:18]} 0-1

[Event "EIWCC 2018"]
[Site "Vysoke Tatry"]
[Date "2018.04.11"]
[Round "4"]
[White "Ferkova, Dominika"]
[Black "Martynkova, Olena"]
[Result "0-1"]
[WhiteElo "2068"]
[BlackElo "2280"]
[Annotator "NA"]
[PlyCount "50"]
[EventDate "2018.??.??"]
[EventType "swiss"]
[EventCountry "SVK"]
[SourceTitle "playchess.com"]
[Source "ChessBase"]
[SourceQuality "1"]
[TimeControl "40/5400+30:1800+30"]

1. d4 {[%emt 0:00:00]} f5 {[%emt 0:00:37]} 2. g3 {[%emt 0:00:10]} Nf6 {[%emt 0:00:36]} 3. Nf3 {[%emt 0:01:01]} e6 {[%emt 0:00:55]} 4. Bg2 {[%emt 0:01:59]} d5 {[%emt 0:04:26]} 5. O-O {[%emt 0:02:32]} Bd6 {[%emt 0:01:54]} 6. Ne5 {[%emt 0:05:07]} O-O {[%emt 0:11:38]} 7. c4 {[%emt 0:06:34]} c6 {[%emt 0:02:35] LiveBook: 48 Games} 8. c5 {[%emt 0:12:24]} (8. b3 $11) 8... Bxe5 {[%emt 0:14:20]} 9. dxe5 {[%emt 0:01:03]} Nfd7 $1 {[%emt 0:00:16]} 10. Qd4 {[%emt 0:00:50]} b6 {[%emt 0:08:59]} 11. b4 {[%emt 0:04:25]} a5 {[%emt 0:08:59]} 12. a3 {[%emt 0:04:11]} bxc5 {[%emt 0:02:27]} 13. bxc5 {[%emt 0:00:08]} Na6 {[%emt 0:00:27]} 14. Be3 {[%emt 0:00:50]} Naxc5 {[%emt 0:06:49]} 15. Qc3 {[%emt 0:02:01]} Qe7 $15 {[%emt 0:03:36]} 16. Bd4 {[%emt 0:15:25]} Bb7 {[%emt 0:07:25]} 17. f3 {[%emt 0:02:07]} Na6 {[%emt 0:04:29]} 18. Qxa5 {[%emt 0:01:08]} c5 {[%emt 0:00:52]} 19. Bb2 {[%emt 0:00:39]} Nb4 {[%emt 0:02:51]} 20. Qc7 {[%emt 0:06:36]} Nc2 {[%emt 0:00:39]} 21. Qxb7 {[%emt 0:00:37]} Rab8 {[%emt 0:01:11]} 22. Qc7 {[%emt 0:03:05]} Rxb2 {[%emt 0:00:15]} 23. Nc3 {[%emt 0:00:05]} Nxa1 {[%emt 0:00:49]} 24. Rxa1 {[%emt 0:00:06]} Qd8 {[%emt 0:04:23]} 25. Qd6 {[%emt 0:01:07]} Rb6 {[%emt 0:00:46]} 0-1

[Event "EIWCC 2018"]
[Site "Vysoke Tatry"]
[Date "2018.04.11"]
[Round "4"]
[White "Palma, Maria"]
[Black "Serakova, Tatana"]
[Result "1-0"]
[WhiteElo "2060"]
[BlackElo "1633"]
[Annotator "NA RC"]
[PlyCount "103"]
[EventDate "2018.??.??"]
[EventType "swiss"]
[EventCountry "SVK"]
[SourceTitle "playchess.com"]
[Source "ChessBase"]
[SourceQuality "1"]
[TimeControl "40/5400+30:1800+30"]

1. c4 {[%emt 0:00:00]} e6 {[%emt 0:00:04]} 2. Nf3 {[%emt 0:00:00]} d5 {[%emt 0:00:14]} 3. b3 {[%emt 0:00:28]} Nf6 {[%emt 0:00:46]} 4. g3 {[%emt 0:00:13]} c5 {[%emt 0:03:29]} 5. Bg2 {[%emt 0:04:40]} b6 {[%emt 0:05:25] A13: English Opening: 1...e6} (5... Be7 6. O-O O-O 7. e3 Nc6 8. Bb2 b6 9. Nc3 dxc4 10. bxc4 Bb7 11. Qe2 Qc7 12. Rac1 Rfd8 13. Rfd1 Na5 14. Ne1 Bxg2 15. Nxg2 Qb7 16. f4 a6 17. Ba1 Ne4 18. Nxe4 Qxe4 19. d3 Qg6 {0-1 (47) Caruana,F (2807)-Aronian,L (2799) Saint Louis 2017}) 6. O-O {[%emt 0:01:45]} Bb7 {[%emt 0:00:14]} 7. cxd5 {[%emt 0:01:05]} Bxd5 {[%emt 0:06:48]} 8. Nc3 {[%emt 0:03:29]} Bc6 {[%emt 0:00:25]} 9. d4 $146 {[%emt 0:01:13]} ({Predecessor:} 9. Bb2 Be7 10. Rc1 O-O 11. d3 Bd6 12. Qd2 Nbd7 13. Rfd1 Qc7 14. d4 {1-0 (31) Schafer Lato,C (2000)-Hernandez Cruz,D (1596) Dos Hermanas 2004}) 9... cxd4 {[%emt 0:02:10]} 10. Qxd4 {[%emt 0:05:17]} Qxd4 {[%emt 0:01:47]} 11. Nxd4 {[%emt 0:00:06]} Bxg2 {[%emt 0:00:17]} 12. Kxg2 {[%emt 0:00:10]} Bc5 {[%emt 0:09:08]} 13. Ndb5 {[%emt 0:05:46]} Na6 {[%emt 0:01:26]} 14. Bf4 {[%emt 0:02:09]} O-O {[%emt 0:03:02]} 15. Rfd1 {[%emt 0:06:14]} Nb4 {[%emt 0:11:47]} 16. e4 {[%emt 0:09:43]} a6 {[%emt 0:04:59]} 17. Nd6 {[%emt 0:03:50]} Ng4 {[%emt 0:06:36]} 18. Rd2 {[%emt 0:12:23]} e5 {[%emt 0:03:24]} 19. f3 $1 {[%emt 0:03:30]} exf4 {[%emt 0:04:22]} 20. fxg4 {[%emt 0:01:58]} fxg3 {[%emt 0:00:19]} 21. Kxg3 {[%emt 0:03:23]} Rad8 {[%emt 0:02:08]} 22. Rad1 {[%emt 0:01:33]} Be3 {[%emt 0:02:23]} 23. Nd5 {[%emt 0:07:24]} Nxd5 24. Rxd5 {[%emt 0:01:17]} h6 {[%emt 0:13:57]} 25. b4 {[%emt 0:03:23]} b5 {[%emt 0:05:08]} 26. h4 {[%emt 0:01:31]} Ra8 {[%emt 0:00:59]} 27. Kf3 {[%emt 0:03:16]} Bb6 {[%emt 0:00:57]} 28. Rc1 {[%emt 0:01:12]} Bd8 {[%emt 0:02:11]} 29. g5 {[%emt 0:06:16]} hxg5 {[%emt 0:00:32]} 30. hxg5 {[%emt 0:00:07]} a5 {[%emt 0:01:25]} 31. a3 {[%emt 0:03:53]} axb4 {[%emt 0:00:59]} 32. axb4 {[%emt 0:00:05]} Ra3+ {[%emt 0:01:14]} 33. Kg4 {[%emt 0:00:14]} Re3 {[%emt 0:02:24]} 34. Rxb5 {[%emt 0:02:42]} Be7 {[%emt 0:02:25]} 35. e5 {[%emt 0:01:25]} Rd3 {[%emt 0:01:06]} 36. Nf5 {[%emt 0:01:25]} Bd8 {[%emt 0:00:49]} 37. Rb8 {[%emt 0:02:18]} Rb3 {[%emt 0:01:08]} 38. Rcc8 {[%emt 0:00:25]} Rd3 {[%emt 0:00:52]} 39. Nd6 {[%emt 0:00:57]} Be7 {[%emt 0:00:35]} 40. Rxf8+ {[%emt 0:00:00]} Bxf8 {[%emt 0:00:09]} 41. b5 $18 {[%emt 0:06:49]} Rd4+ {[%emt 0:06:40]} 42. Kf3 {[%emt 0:02:35]} g6 {[%emt 0:06:37]} 43. b6 {[%emt 0:01:25]} Kg7 {[%emt 0:03:37]} 44. b7 {[%emt 0:02:12]} Rb4 {[%emt 0:13:40]} 45. Ne8+ {[%emt 0:00:31]} Kg8 {[%emt 0:00:32]} 46. Nf6+ {[%emt 0:00:07]} Kg7 {[%emt 0:00:19]} 47. Rxf8 {[%emt 0:00:09]} Kxf8 {[%emt 0:00:55]} 48. b8=Q+ {[%emt 0:00:16]} Rxb8 {[%emt 0:00:22]} 49. Nd7+ {[%emt 0:00:06]} Ke7 {[%emt 0:00:20]} 50. Nxb8 {[%emt 0:00:07]} Ke6 {[%emt 0:00:37]} 51. Ke4 {[%emt 0:00:08] Kd5+} Ke7 {[%emt 0:01:21]} 52. Kd5 {[%emt 0:00:30]} 1-0

[Event "EIWCC 2018"]
[Site "Vysoke Tatry"]
[Date "2018.04.11"]
[Round "4"]
[White "Trisha, Kanyamarala"]
[Black "Stetsko, Lanita"]
[Result "0-1"]
[WhiteElo "2031"]
[BlackElo "2164"]
[Annotator "TA"]
[PlyCount "122"]
[EventDate "2018.??.??"]
[EventType "swiss"]
[EventCountry "SVK"]
[SourceTitle "playchess.com"]
[Source "ChessBase"]
[SourceQuality "1"]

{[%evp 16,122,6,0,0,-11,0,0,0,-4,0,0,0,0,0,0,0,0,0,-19,-4,0,0,0,0,0,4,-10,0,0,0,0,16,0,8,-6,0,-15,-14,-8,0,-11,0,0,0,0,0,-8,0,-6,0,0,0,0,0,0,0,-2,-3,-50,-50,-50,0,-215,-215,-215,-152,-215,-170,-613,-215,-197,-152,-152,-152,-149,-87,-156,-87,-160,-162,-163,-162,-178,-201,-189,-124,-131,-97,-1041,-992,-920,-821,-985,-700,-575,-530,-29983,-29984,-29983,-29982,-29993,-29994,-29994,-29993,-29994,-29995,-29997,-29996]} 1. Nf3 Nf6 2. c4 e6 3. Nc3 d5 4. e3 a6 (4... Be7 5. b3 O-O 6. Bb2 dxc4 7. bxc4 c5 8. Rg1 Nc6 9. g4 a6 10. g5 Ne8 11. h4 Nd6 12. h5 f5 13. Be2 Rb8 14. a4 {1-0 (35) Grischuk,A (2767)-Kramnik,V (2800) Moscow 2018}) 5. b3 Bd6 6. Bb2 {A17: English Opening: 1...Nf6 with ...Bb4} b6 7. d4 Bb7 8. Bd3 Nbd7 9. Qc2 {LiveBook: 4 Games} Qe7 10. a3 O-O 11. e4 dxe4 12. Nxe4 Nxe4 13. Bxe4 Bxe4 14. Qxe4 c5 $146 15. O-O cxd4 16. Qxd4 {[%csl Gb2][%cal Rd4g7]} e5 17. Qc3 f6 18. Rad1 {Strongly threatening Qd2.} Nc5 19. b4 Ne6 $1 20. Qe3 Bc7 21. Rd2 Rad8 22. Rfd1 Rxd2 23. Rxd2 Rd8 24. Rxd8+ Qxd8 25. Qd2 (25. g3 {NOTEXT} Qd1+ 26. Kg2 Qc2 27. Bc3 Kf8 28. Nd2) 25... Kf7 (25... Qxd2 {NOTEXT} 26. Nxd2 Kf7 27. g3 Ke7 28. Nf1 Kd6) 26. Qxd8 (26. Qc2 {NOTEXT} a5 27. Bc3 g6 28. g3 Qd7 29. h4) 26... Bxd8 $11 {[%mdl 4096] Endgame KBN-KBN} 27. Kf1 a5 28. g3 axb4 29. axb4 Be7 30. Bc3 Nc7 31. Ne1 Ke6 32. Ke2 h5 33. Nc2 g5 34. f3 g4 35. fxg4 hxg4 36. Bd2 b5 37. c5 f5 38. Kd3 Nd5 39. Ne3 $2 (39. Na3 $11 {and White has nothing to worry.}) 39... Nxe3 $1 $19 40. Bxe3 {KB-KB} Kd5 41. Bh6 (41. Bc1 $17 {keeps fighting.}) 41... Bd8 $1 42. Ke3 $2 (42. Ke2) 42... Bc7 $2 (42... Kc4 43. Bg7 Bg5+ 44. Ke2 Kd5) 43. Bg5 Ke6 ({Don't play} 43... Kc4 44. Be7 $15) 44. Kd3 Kf7 45. Ke3 Kf8 (45... Bb8 $142 $1 46. Ke2 Ke6) 46. Kd3 (46. Bh4 $142) 46... Ke8 (46... Kg7 $142 $1 47. Ke2 Kf7) 47. Ke3 (47. Ke2 $142) 47... Kf7 $1 $17 48. Kd3 Ke6 49. Ke3 Kd5 50. Bh6 Bd8 ({Better is} 50... Kc4 $19 51. Bf8 Bd8) 51. Kd3 Be7 52. Ke3 $2 {[%mdl 8192] [#]} (52. Bc1 $17) 52... Kc4 $1 $19 {[%cal Rc4b4]} 53. Bg7 {[#]} Bg5+ $1 54. Ke2 Kd5 55. Kd3 f4 {[%cal Bf5f4,Bf4f3][%mdl 32]} 56. Ke2 f3+ {Black mates.} 57. Kf1 e4 {[%cal Be5e4,Be4e3][%mdl 32]} 58. Bh8 e3 59. Bc3 Kc4 60. c6 Kxc3 61. c7 Kd2 {Precision: White = 43%, Black = 63%.} 0-1

[Event "EIWCC 2018"]
[Site "Vysoke Tatry"]
[Date "2018.04.11"]
[Round "4"]
[White "Slaba, Andrea"]
[Black "Leite Oralova, Catarina"]
[Result "0-1"]
[WhiteElo "1924"]
[BlackElo "2134"]
[Annotator "NA"]
[PlyCount "60"]
[EventDate "2018.??.??"]
[EventType "swiss"]
[EventCountry "SVK"]
[SourceTitle "playchess.com"]
[Source "ChessBase"]
[SourceQuality "1"]
[TimeControl "40/5400+30:1800+30"]

1. d4 {[%emt 0:00:00]} Nf6 {[%emt 0:00:19]} 2. Nf3 {[%emt 0:00:00]} e6 {[%emt 0:00:56]} 3. c4 {[%emt 0:00:13]} Bb4+ {[%emt 0:01:28]} 4. Bd2 {[%emt 0:00:08]} Be7 {[%emt 0:01:15]} 5. Nc3 {[%emt 0:00:22]} d5 {[%emt 0:07:19]} 6. e3 {[%emt 0:02:23]} O-O {[%emt 0:01:27]} 7. Bd3 {[%emt 0:03:22]} Nbd7 {[%emt 0:04:22]} 8. O-O {[%emt 0:01:10]} c5 {[%emt 0:02:22]} 9. b3 {[%emt 0:05:02]} b6 {[%emt 0:07:35]} 10. cxd5 {[%emt 0:09:05]} exd5 {[%emt 0:01:57]} 11. Rc1 {[%emt 0:07:36]} Bb7 {[%emt 0:01:27]} 12. Qc2 {[%emt 0:05:35]} h6 {[%emt 0:07:01]} 13. Rfe1 {[%emt 0:07:25]} Rc8 {[%emt 0:08:38]} 14. Qb1 {[%emt 0:03:16]} Re8 {[%emt 0:07:16]} 15. Bf5 {[%emt 0:04:23]} Bd6 {[%emt 0:00:54]} 16. Nb5 {[%emt 0:02:52]} Bb8 $11 {[%emt 0:02:01]} 17. Nc3 {[%emt 0:05:32]} Ne4 {[%emt 0:08:32]} 18. Red1 {[%emt 0:02:42]} c4 {[%emt 0:11:12]} 19. bxc4 {[%emt 0:03:02]} Rxc4 {[%emt 0:00:28]} 20. Nxe4 {[%emt 0:03:47]} Rxc1 {[%emt 0:00:03]} 21. Rxc1 {[%emt 0:01:39]} dxe4 {[%emt 0:00:07]} 22. Ne1 {[%emt 0:01:01]} Nf6 {[%emt 0:02:58]} 23. g3 {[%emt 0:04:32]} Qd5 {[%emt 0:00:03]} 24. Bh3 {[%emt 0:00:15]} Qh5 {[%emt 0:01:29]} 25. Bg2 {[%emt 0:02:10]} Ng4 {[%emt 0:02:35]} 26. h3 {[%emt 0:00:41]} Nxf2 {[%emt 0:05:01]} 27. Kxf2 {[%emt 0:01:06]} Qg5 {[%emt 0:06:09]} 28. Ke2 {[%emt 0:08:17]} Bxg3 {[%emt 0:00:02]} 29. h4 {[%emt 0:05:30]} Qg4+ {[%emt 0:02:27]} 30. Kf1 {[%emt 0:00:43]} Ba6+ {[%emt 0:00:19]} 0-1